[Event "26th EUR-ch"]
[Site "Katowice POL"]
[Date "2026.04.15"]
[Round "8.230"]
[White "Bialowas, Maria"]
[Black "Madera, Mateusz"]
[Result "1/2-1/2"]
[WhiteElo "1667"]
[BlackElo "1902"]
[EventDate "2026.04.07"]
[PlyCount "121"]

1.e4 c5 2.Nf3 e6 3.d3 Nc6 4.g3 g6 5.Bg2 Bg7 6.c3 Qb6 7.Nbd2 d5 8.O-O Nge7 
9.Re1 O-O 10.h4 Qc7 11.Qe2 b6 12.e5 a5 13.Nf1 b5 14.Bf4 b4 15.h5 a4 16.
N1h2 a3 17.Ng4 Nf5 18.Nf6+ Bxf6 19.exf6 Qd8 20.g4 axb2 21.Qxb2 Nd6 22.Qd2 
bxc3 23.Qxc3 Nb7 24.Bg5 Qa5 25.Qc1 Qa3 26.Qe3 Re8 27.Bh4 c4 28.Qh6 Qf8 29.
Qxf8+ Rxf8 30.dxc4 dxc4 31.Rec1 Ra4 32.Rc3 Nca5 33.Bg3 Rd8 34.Bf1 Nb3 35.
Rb1 Nd4 36.Ne5 Nd6 37.Nxc4 N6b5 38.Rcc1 Rxa2 39.Nd6 Nxd6 40.Bxd6 Bd7 41.
Be7 Rda8 42.Bg2 Ne2+ 43.Kf1 Nxc1 44.Bxa8 Rxa8 45.Rxc1 Rc8 46.Rd1 Bc6 47.
hxg6 hxg6 48.Rd8+ Rxd8 49.Bxd8 Bf3 50.g5 Kf8 51.Ke1 Ke8 52.Be7 Kd7 53.Kd2 
e5 54.Ke3 Bd5 55.f4 Ke6 56.fxe5 Kf5 57.Kf2 Kxg5 58.Kg3 Kf5 59.Bd6 Kg5 60.
Bc7 Kf5 61.Bd6 1/2-1/2

[Event "26th EUR-ch"]
[Site "Katowice POL"]
[Date "2026.04.15"]
[Round "8.231"]
[White "Kozera, Patryk"]
[Black "Spanos, Nomikos"]
[Result "1/2-1/2"]
[WhiteElo "1694"]
[BlackElo "1885"]
[EventDate "2026.04.07"]
[PlyCount "99"]

1.e4 e5 2.Nf3 Nc6 3.Bb5 f5 4.d3 fxe4 5.dxe4 Nf6 6.O-O d6 7.Bc4 Bg4 8.h3 
Bh5 9.g4 Bg6 10.Ng5 Qe7 11.f4 exf4 12.Bxf4 O-O-O 13.Nc3 h6 14.Ne6 Re8 15.
Nb5 Na5 16.Qd4 Nxc4 17.Qxc4 Bf7 18.Nxd6+ Qxd6 19.Bxd6 Bxd6 20.Rae1 Bxe6 
21.Qd4 b6 22.b4 Nd7 23.a4 Ne5 24.Qc3 Rhf8 25.Kg2 g6 26.Rd1 Bc4 27.Rxf8 
Rxf8 28.Rd4 Bf1+ 29.Kh1 Rf3 30.Qb2 Bxh3 31.Rd1 Nxg4 32.Re1 Be5 33.Qa2 Nf6 
34.a5 Rf2 35.axb6 axb6 36.Qa8+ Kd7 37.Rd1+ Ke7 38.Qd8+ Kf7 39.Qd3 Be6 40.
Rf1 Ng4 41.c4 Kg7 42.Kg1 Bh2+ 43.Kh1 Ne5 44.Qb1 Re2 45.c5 Bh3 46.Qd1 Bxf1 
47.Qxf1 Rd2 48.cxb6 cxb6 49.b5 h5 50.Qf8+ 1/2-1/2

[Event "26th EUR-ch"]
[Site "Katowice POL"]
[Date "2026.04.15"]
[Round "8.232"]
[White "Varney, Zoe"]
[Black "Sowa, Maciej"]
[Result "1-0"]
[WhiteElo "1988"]
[BlackElo "1549"]
[EventDate "2026.04.07"]
[PlyCount "57"]

1.e4 c5 2.Nf3 Nc6 3.Bb5 Qc7 4.O-O a6 5.Bxc6 Qxc6 6.Re1 d6 7.h3 e5 8.c3 Nf6
9.d4 Qc7 10.a4 Be7 11.Nbd2 cxd4 12.cxd4 O-O 13.Qe2 Nd7 14.Nb1 exd4 15.Nxd4
Bf6 16.Be3 Re8 17.Nc3 b6 18.Nd5 Qb7 19.f3 Bd8 20.Nf5 Qb8 21.Qf2 Nc5 22.Qg3
Bxf5 23.exf5 Kf8 24.f6 Bxf6 25.Nxf6 Rxe3 26.Nxh7+ Kg8 27.Nf6+ Kf8 28.Rxe3 
gxf6 29.Rd1 1-0

[Event "26th EUR-ch"]
[Site "Katowice POL"]
[Date "2026.04.15"]
[Round "8.233"]
[White "Hlavacek, Pavel"]
[Black "Rudowski, Szymon"]
[Result "1-0"]
[WhiteElo "1982"]
[BlackElo "1810"]
[EventDate "2026.04.07"]
[PlyCount "105"]

1.d4 Nf6 2.c4 c5 3.d5 e6 4.Nc3 exd5 5.cxd5 d6 6.e4 g6 7.Be2 Bg7 8.Nf3 O-O 
9.Nd2 a6 10.a4 a5 11.O-O Re8 12.f3 Na6 13.Nc4 Re7 14.Bf4 Ne8 15.Nb5 Rd7 
16.Qe1 Nb4 17.Rc1 Bf8 18.Qg3 Ra6 19.Rfd1 Ng7 20.Qe1 f6 21.h3 Nh5 22.Bh2 
Ng7 23.f4 Ne8 24.Bf3 Re7 25.Bg3 Bf5 26.Rc3 Bxe4 27.Bxe4 f5 28.Bh4 fxe4 29.
Bxe7 Qxe7 30.Qe2 Nf6 31.Ne3 Qf7 32.Rcc1 Nd3 33.Rxd3 exd3 34.Qxd3 Qe7 35.
Nc4 Qf7 36.Rd1 Nh5 37.g3 Nf6 38.Kg2 Kg7 39.Qf3 Kg8 40.b3 Be7 41.Nc7 Ra7 
42.Re1 b6 43.Nb5 Ra6 44.Re6 Ne8 45.Qe2 Kf8 46.Ncxd6 Bxd6 47.Nxd6 Nxd6 48.
Qxa6 Nf5 49.Qxb6 Kg7 50.Qxc5 Qb7 51.Re8 Qf7 52.Rc8 Kh6 53.Qf8+ 1-0

[Event "26th EUR-ch"]
[Site "Katowice POL"]
[Date "2026.04.15"]
[Round "8.234"]
[White "Uzun, Kuzey"]
[Black "Stawecki, Bartlomiej"]
[Result "1/2-1/2"]
[WhiteElo "1982"]
[BlackElo "1776"]
[EventDate "2026.04.07"]
[PlyCount "51"]

1.d4 d5 2.Nc3 Nf6 3.Bf4 a6 4.e3 Bf5 5.Nf3 e6 6.Ne5 Nfd7 7.g4 Bg6 8.Be2 
Nxe5 9.Bxe5 Nd7 10.Bg3 c5 11.h4 h6 12.f4 Nf6 13.O-O Ne4 14.Nxe4 Bxe4 15.
Bd3 Bxd3 16.Qxd3 h5 17.dxc5 Bxc5 18.Qc3 Be7 19.g5 O-O 20.f5 Bd6 21.Bxd6 
Qxd6 22.Qd4 Qg3+ 23.Kh1 e5 24.Qxd5 Qxh4+ 25.Kg1 Qxg5+ 26.Qg2 1/2-1/2

[Event "26th EUR-ch"]
[Site "Katowice POL"]
[Date "2026.04.15"]
[Round "8.235"]
[White "Chmiel, Dominika"]
[Black "Krzeszewski, Filip"]
[Result "1/2-1/2"]
[WhiteElo "1932"]
[BlackElo "1759"]
[EventDate "2026.04.07"]
[PlyCount "136"]

1.e4 e5 2.Nf3 Nc6 3.Bb5 a6 4.Ba4 Nf6 5.d4 exd4 6.O-O Be7 7.e5 Ne4 8.Nxd4 
O-O 9.Nf5 Nc5 10.Qg4 g6 11.Bxc6 dxc6 12.Nxe7+ Qxe7 13.Qg3 Bf5 14.Bg5 Qe6 
15.Nc3 b5 16.b4 Nd7 17.Rfe1 Rfe8 18.f4 Qc4 19.Rad1 Qxb4 20.Rxd7 Bxd7 21.
Ne4 Bf5 22.Nf6+ Kg7 23.Qh4 h5 24.g4 Bxc2 25.gxh5 Rh8 26.h6+ Kf8 27.h7 Qd4+
28.Kh1 Ke7 29.Bh6 Ke6 30.Qh3+ Bf5 31.Qf3 Rad8 32.Qxc6+ Ke7 33.Ng8+ Rdxg8 
34.Bg5+ Kf8 35.Bf6 Qd7 36.Qc5+ Ke8 37.hxg8=Q+ Rxg8 38.Kg1 Bh3 39.Kf2 Qd2+ 
40.Re2 Qxf4+ 41.Ke1 Kd7 42.e6+ fxe6 43.Be5 Qc4 44.Rd2+ Kc8 45.Qxc4 bxc4 
46.Rc2 Rd8 47.Rxc4 Rd7 48.Rc3 Bf5 49.a3 Kb7 50.Rb3+ Kc6 51.Rc3+ Kb6 52.
Rb3+ Kc6 53.Rc3+ Kb7 54.Rb3+ Kc8 55.Rc3 Rh7 56.Kf2 Be4 57.Bg3 Rf7+ 58.Ke2 
c6 59.Rb3 Bd5 60.Rb8+ Kd7 61.Ke3 Rf3+ 62.Kd4 Rxa3 63.Rb7+ Ke8 64.Ke5 Rf3 
65.Ra7 Ra3 66.Kd6 Rd3 67.Ke5 Bc4 68.Kf6 Rd8 1/2-1/2

[Event "26th EUR-ch"]
[Site "Katowice POL"]
[Date "2026.04.15"]
[Round "8.236"]
[White "Ciupek, Oskar"]
[Black "Damaso Tacoronte, Carolina"]
[Result "0-1"]
[WhiteElo "1683"]
[BlackElo "1918"]
[EventDate "2026.04.07"]
[PlyCount "118"]

1.e4 c6 2.d4 d5 3.Nc3 dxe4 4.Nxe4 Nf6 5.Nxf6+ exf6 6.c3 Bd6 7.Bd3 O-O 8.
Ne2 Bg4 9.O-O Re8 10.f3 Bh5 11.Nf4 Bg6 12.Nxg6 hxg6 13.f4 f5 14.Bd2 Nd7 
15.Qb3 Qc7 16.a4 a5 17.c4 Nf6 18.c5 Bf8 19.Rae1 Red8 20.Bc3 Nd5 21.Bc4 Be7
22.Bxd5 Rxd5 23.Re5 Rdd8 24.Rfe1 Bf6 25.d5 cxd5 26.Rxd5 Rxd5 27.Qxd5 Bxc3 
28.bxc3 Rd8 29.Qe5 Qc6 30.Qe7 Rc8 31.Rd1 Qxc5+ 32.Qxc5 Rxc5 33.Rd8+ Kh7 
34.Rd7 b6 35.Rxf7 Rxc3 36.Rb7 Rc4 37.Rxb6 Rxf4 38.Ra6 Rxa4 39.g3 Ra2 40.h4
a4 41.Ra8 a3 42.Kf1 Ra1+ 43.Kg2 a2 44.Kh2 g5 45.hxg5 Kg6 46.Ra7 Kh5 47.Kg2
g6 48.Ra4 Kxg5 49.Ra6 Kh5 50.Ra8 g5 51.Rh8+ Kg6 52.Ra8 f4 53.Ra6+ Kh5 54.
Kh2 f3 55.g4+ Kxg4 56.Ra4+ Kh5 57.Ra3 f2 58.Ra4 f1=Q 59.Rh4+ Kg6 0-1

[Event "26th EUR-ch"]
[Site "Katowice POL"]
[Date "2026.04.15"]
[Round "8.237"]
[White "Janik, Albert"]
[Black "Kasperczyk, Szymon"]
[Result "0-1"]
[WhiteElo "1674"]
[BlackElo "1910"]
[EventDate "2026.04.07"]
[PlyCount "116"]

1.e4 c5 2.Nf3 d6 3.d4 cxd4 4.Nxd4 Nf6 5.Nc3 a6 6.Bg5 e6 7.f4 Be7 8.Qf3 h6 
9.Bxf6 Bxf6 10.O-O-O Qb6 11.Nb3 Bd7 12.g4 Qc7 13.h4 Bxc3 14.bxc3 Bc6 15.
Nd4 Nd7 16.Nxc6 Qxc6 17.Qd3 Nc5 18.Qxd6 Qxd6 19.Rxd6 Nxe4 20.Rb6 O-O-O 21.
Bg2 Nc5 22.Re1 Kc7 23.Rb4 Rd6 24.Rd4 Rhd8 25.Red1 f6 26.f5 b6 27.h5 e5 28.
Rxd6 Rxd6 29.Rxd6 Kxd6 30.Kd2 Na4 31.Bf3 Kc5 32.Be4 a5 33.Bf3 Kc4 34.Be2+ 
Kd5 35.Bb5 Nc5 36.Ke3 Nb7 37.Ba4 Nd6 38.Bb3+ Nc4+ 39.Kf3 b5 40.a4 bxa4 41.
Bxa4 Kc5 42.Bb3 Nb6 43.Ke4 a4 44.Ba2 a3 45.Bb3 Na4 46.c4 a2 47.Bxa2 Nc3+ 
48.Kd3 Nxa2 49.c3 e4+ 50.Kxe4 Kxc4 51.Kf4 Nxc3 52.g5 hxg5+ 53.Kg4 Kd5 54.
h6 gxh6 55.Kh5 Ke5 56.Kg6 g4 57.Kxh6 g3 58.Kh7 g2 0-1

[Event "26th EUR-ch"]
[Site "Katowice POL"]
[Date "2026.04.15"]
[Round "8.238"]
[White "Duda, Aleksandra"]
[Black "Tendera, Jan"]
[Result "1-0"]
[WhiteElo "1878"]
[BlackElo "1628"]
[EventDate "2026.04.07"]
[PlyCount "89"]

1.d4 Nf6 2.Bf4 g6 3.Nc3 d5 4.Qd2 Bg7 5.Bh6 O-O 6.h4 Nc6 7.O-O-O a6 8.h5 
Qd6 9.hxg6 fxg6 10.Bxg7 Kxg7 11.Qh6+ Kf7 12.Nf3 Ke8 13.Qh4 Bf5 14.Ng5 Nb4 
15.Rd2 Qc6 16.a3 Nxc2 17.Rxc2 Bxc2 18.Kxc2 b5 19.Nxh7 Nxh7 20.Qxh7 a5 21.
Rh6 Ra6 22.Qg7 b4 23.Rh7 Qe6 24.Nxd5 Rc6+ 25.Kd2 Rxf2 26.Nxe7 Rc4 27.Nxg6 
Rxe2+ 28.Bxe2 Rc2+ 29.Kxc2 Qxe2+ 30.Kb3 a4+ 31.Kxb4 Qxb2+ 32.Kxa4 Qc2+ 33.
Kb4 Qb2+ 34.Kc4 Qc2+ 35.Kd5 Qxg2+ 36.Ke5 Qe2+ 37.Kf5 Qd3+ 38.Ke6 Qa6+ 39.
Ke5 Qe2+ 40.Kf6 Qf3+ 41.Nf4 Qxf4+ 42.Ke6 Qe4+ 43.Qe5 Qxh7 44.Qb5+ c6 45.
Qb8# 1-0

[Event "26th EUR-ch"]
[Site "Katowice POL"]
[Date "2026.04.15"]
[Round "8.239"]
[White "Marcos Herrero, Francisco"]
[Black "Zyznowski, Adam"]
[Result "1-0"]
[WhiteElo "1854"]
[BlackElo "1596"]
[EventDate "2026.04.07"]
[PlyCount "23"]

1.c4 c5 2.g3 g6 3.Bg2 Bg7 4.Nc3 e6 5.Nf3 Nc6 6.d4 Nxd4 7.Nxd4 cxd4 8.Ne4 
Qc7 9.c5 Ne7 10.Bf4 e5 11.Nd6+ Kf8 12.Qb3 1-0

[Event "26th EUR-ch"]
[Site "Katowice POL"]
[Date "2026.04.15"]
[Round "8.240"]
[White "Vukazic, Zlatko"]
[Black "Zychon, Rozalia"]
[Result "0-1"]
[WhiteElo "1744"]
[BlackElo "1471"]
[EventDate "2026.04.07"]
[PlyCount "82"]

1.e4 c5 2.Nf3 d6 3.d4 cxd4 4.Nxd4 Nc6 5.Nc3 a6 6.Be3 e5 7.Nb3 b5 8.Qd2 Nf6
9.f3 Be7 10.O-O-O O-O 11.g4 Qc7 12.Kb1 Be6 13.h4 Bxb3 14.axb3 b4 15.Na4 
Nd7 16.h5 Nc5 17.Bc4 Nxa4 18.bxa4 Nd4 19.b3 Nxf3 20.Qf2 Ng5 21.Qf5 h6 22.
Rh2 a5 23.Rhd2 Rad8 24.Rd5 Qc6 25.Bxg5 Bxg5 26.Rxa5 Be3 27.Rd3 Bc5 28.g5 
hxg5 29.Bd5 Qc7 30.Rb5 Rb8 31.Rxb8 Qxb8 32.Bxf7+ Rxf7 33.Qe6 Qb7 34.h6 Qd7
35.h7+ Kh8 36.Qd5 Rf1+ 37.Ka2 Kxh7 38.a5 Bd4 39.Rxd4 exd4 40.a6 Qc7 41.Kb2
Qc3+ 0-1

[Event "26th EUR-ch"]
[Site "Katowice POL"]
[Date "2026.04.15"]
[Round "8.246"]
[White "Sopel, Jonatan Jan"]
[Black "Pilch, Anna"]
[Result "1/2-1/2"]
[WhiteElo "1438"]
[BlackElo "1699"]
[EventDate "2026.04.07"]
[PlyCount "155"]

1.Nc3 c5 2.g3 Nf6 3.Bg2 Nc6 4.d3 g6 5.Nf3 Bg7 6.Bf4 d6 7.Qd2 Nb4 8.a3 Nbd5
9.Bg5 h6 10.Bxf6 Nxf6 11.O-O Bg4 12.Rfe1 e5 13.h3 Be6 14.Rad1 Qd7 15.Kh2 
Rb8 16.Ne4 Nd5 17.Nc3 Nxc3 18.Qxc3 O-O 19.Qd2 a6 20.b4 b6 21.bxc5 bxc5 22.
e4 Rb2 23.Rb1 Rfb8 24.Rxb2 Rxb2 25.Qc3 Qb7 26.Nd2 Rb5 27.Nc4 Bf8 28.a4 Rb4
29.a5 Bxc4 30.dxc4 Qd7 31.Rd1 Qe6 32.Rd5 Be7 33.Kg1 Qc8 34.Rd1 Qb8 35.Ra1 
Kh7 36.Kh2 Bd8 37.Kg1 Rb1+ 38.Rxb1 Qxb1+ 39.Kh2 Qb8 40.Qf3 Kg7 41.Qc3 Bc7 
42.Qb3 Qb4 43.Bf1 Bxa5 44.Bd3 Qb6 45.Kg2 Kf8 46.Kf3 Bb4 47.Qa4 Ke7 48.Ke2 
Qb7 49.Qb3 Qc6 50.c3 Ba5 51.Ke3 Qc8 52.Kd2 Bc7 53.h4 a5 54.Qb5 Qa8 55.Bc2 
Ke6 56.Ba4 Qd8 57.Qc6 Ke7 58.Ke3 Kf8 59.Qd7 Qb8 60.Qb5 Qd8 61.Qd7 Qxd7 62.
Bxd7 Ke7 63.Ba4 Ke6 64.Kf3 f5 65.Bc6 Bd8 66.Be8 f4 67.Ba4 h5 68.Be8 g5 69.
hxg5 Bxg5 70.Ke2 h4 71.gxh4 Bxh4 72.Ba4 Kf6 73.f3 Kg5 74.Bd1 Bg3 75.Kd2 
Kf6 76.Ba4 Kg5 77.Bd1 Kf6 78.Ba4 1/2-1/2

[Event "26th EUR-ch"]
[Site "Katowice POL"]
[Date "2026.04.15"]
[Round "8.248"]
[White "Nowak, Lukasz"]
[Black "Yilmaz, Baver"]
[Result "0-1"]
[WhiteElo "2166"]
[BlackElo "2321"]
[EventDate "2026.04.07"]
[PlyCount "54"]

1.d4 Nf6 2.c4 b6 3.f3 Nc6 4.Nc3 d5 5.cxd5 Nxd5 6.e4 Nxc3 7.bxc3 e5 8.Bb5 
Bd7 9.Qa4 Qh4+ 10.Kf1 Qf6 11.Ne2 Rd8 12.Bb2 Na5 13.c4 c6 14.Ba6 Bd6 15.c5 
Bc7 16.Qc2 b5 17.Kf2 Nc4 18.Rad1 O-O 19.Ba1 Qe7 20.Ng3 exd4 21.Bxd4 Be5 
22.Be3 f5 23.Ne2 fxe4 24.Qxe4 Bf5 25.Qxc6 Nxe3 26.Kxe3 Bd4+ 27.Kd2 Qe3+ 
0-1

[Event "26th EUR-ch"]
[Site "Katowice POL"]
[Date "2026.04.16"]
[Round "9.1"]
[White "Suleymanli, Aydin"]
[Black "Anton Guijarro, David"]
[Result "1/2-1/2"]
[WhiteElo "2653"]
[BlackElo "2656"]
[EventDate "2026.04.07"]
[PlyCount "112"]

1.c4 e6 2.Nf3 d5 3.e3 Nf6 4.b3 c5 5.cxd5 exd5 6.Be2 d4 7.exd4 cxd4 8.Bb5+ 
Bd7 9.Nxd4 Bxb5 10.Nxb5 Nc6 11.O-O Be7 12.Bb2 O-O 13.Re1 Rc8 14.N5c3 Bc5 
15.Na4 Bd4 16.Na3 Nb4 17.Bxd4 Qxd4 18.Qf3 Nd3 19.Rf1 a6 20.Nc3 b5 21.Nc2 
Qd7 22.Ne3 Rfd8 23.Rab1 h5 24.Rfd1 Rc5 25.h3 Re5 26.b4 Qe6 27.Rb3 Qd7 28.
Rf1 Rg5 29.Ne4 Nxe4 30.Qxe4 Re5 31.Qf3 g6 32.Rc3 Re6 33.a3 Kg7 34.Qg3 Rf6 
35.Rc7 Qd6 36.Qxd6 Rdxd6 37.Rc2 h4 38.Ng4 Rf4 39.g3 Rfd4 40.Kg2 Rd7 41.Rc6
a5 42.bxa5 Ra4 43.Rc3 Rxa5 44.Rb1 f5 45.Ne3 hxg3 46.fxg3 Ne5 47.Rb2 Nd3 
48.Rbb3 Ne5 49.d3 Ra6 50.Kf2 Re6 51.Nc2 Red6 52.d4 Nc6 53.Rd3 Nxd4 54.Nxd4
Rxd4 55.Rxd4 Rxd4 56.Rxb5 Ra4 1/2-1/2

[Event "26th EUR-ch"]
[Site "Katowice POL"]
[Date "2026.04.16"]
[Round "9.2"]
[White "Gurel, Ediz"]
[Black "Dehtiarov, Roman"]
[Result "1/2-1/2"]
[WhiteElo "2635"]
[BlackElo "2452"]
[EventDate "2026.04.07"]
[PlyCount "96"]

1.e4 e5 2.Nf3 Nc6 3.Bb5 a6 4.Ba4 Nf6 5.O-O Be7 6.Bxc6 dxc6 7.Re1 Nd7 8.d4 
exd4 9.Qxd4 O-O 10.Nc3 Nc5 11.Be3 Qxd4 12.Nxd4 f5 13.exf5 Bxf5 14.Nxf5 
Rxf5 15.Rad1 Raf8 16.f4 h5 17.g3 Bf6 18.Bd4 a5 19.h4 b5 20.Bxf6 R8xf6 21.
Re8+ Kh7 22.Ne2 Re6 23.Rxe6 Nxe6 24.Kf2 Kg6 25.Rd3 Rd5 26.Rc3 c5 27.Re3 
Kf7 28.Nc3 Rd2+ 29.Re2 Rxe2+ 30.Nxe2 Kf6 31.Nc3 c6 32.Ne4+ Kf5 33.Nd6+ Kg4
34.c3 c4 35.Ne4 Nc7 36.Kg2 Nd5 37.Nf2+ Kf5 38.Kf3 Nb6 39.Nd1 Na4 40.Ne3+ 
Kf6 41.Nd1 Kf5 42.Ne3+ Kf6 43.Nd1 Ke6 44.Ke3 Kf5 45.Kf3 c5 46.Ne3+ Ke6 47.
Nd1 b4 48.Ke2 g6 1/2-1/2

[Event "26th EUR-ch"]
[Site "Katowice POL"]
[Date "2026.04.16"]
[Round "9.3"]
[White "Kacharava, Nikolozi"]
[Black "Lagarde, Maxime"]
[Result "1/2-1/2"]
[WhiteElo "2500"]
[BlackElo "2621"]
[EventDate "2026.04.07"]
[PlyCount "53"]

1.e4 c5 2.Nf3 e6 3.d4 cxd4 4.Nxd4 Nf6 5.Nc3 Nc6 6.a3 d6 7.Be3 Be7 8.f3 O-O
9.Qd2 d5 10.exd5 Nxd5 11.Nxd5 exd5 12.O-O-O Re8 13.g4 Bd7 14.Kb1 a6 15.Bd3
Qc7 16.Rhe1 Bd6 17.h3 Ne5 18.f4 Nc4 19.Bxc4 Qxc4 20.Bf2 Rac8 21.Rxe8+ Rxe8
22.f5 Re4 23.f6 Be5 24.fxg7 Bxg7 25.Qg5 Re8 26.Rd3 h6 27.Rd1 1/2-1/2

[Event "26th EUR-ch"]
[Site "Katowice POL"]
[Date "2026.04.16"]
[Round "9.4"]
[White "Abasov, Nijat"]
[Black "Aizenberg, Benny"]
[Result "1-0"]
[WhiteElo "2586"]
[BlackElo "2451"]
[EventDate "2026.04.07"]
[PlyCount "73"]

1.d4 Nf6 2.c4 e6 3.Nf3 d5 4.Nc3 Bb4 5.Bg5 h6 6.Bxf6 Qxf6 7.Qa4+ Nc6 8.e3 
O-O 9.Be2 Rd8 10.O-O Bf8 11.Rfd1 a6 12.Rac1 Rb8 13.a3 Bd7 14.cxd5 exd5 15.
Nxd5 Qf5 16.Nc3 Na5 17.Qc2 Qxc2 18.Rxc2 c5 19.dxc5 Nb3 20.Bc4 Nxc5 21.Rcd2
Rdc8 22.Bxf7+ Kxf7 23.Ne5+ Kg8 24.Rxd7 Nxd7 25.Nxd7 Ra8 26.Nb6 Rxc3 27.
bxc3 Re8 28.a4 Re6 29.Nd5 Rc6 30.Kf1 g5 31.Rb1 Rc4 32.Rb2 b6 33.Rxb6 Ba3 
34.Rb3 Bf8 35.Nb6 Rh4 36.h3 Bc5 37.a5 1-0

[Event "26th EUR-ch"]
[Site "Katowice POL"]
[Date "2026.04.16"]
[Round "9.5"]
[White "Meshkovs, Nikita"]
[Black "Kazakouski, Valery"]
[Result "1/2-1/2"]
[WhiteElo "2532"]
[BlackElo "2572"]
[EventDate "2026.04.07"]
[PlyCount "124"]

1.Nf3 d5 2.b3 Bf5 3.Bb2 e6 4.c4 c6 5.d3 h6 6.g3 Nf6 7.Bg2 Bd6 8.O-O O-O 9.
Nc3 Bh7 10.Re1 a6 11.cxd5 cxd5 12.e4 Bb4 13.e5 Nfd7 14.Re3 Nc6 15.Ne2 Rc8 
16.a3 Be7 17.d4 Qb6 18.h4 Na5 19.Ne1 f6 20.exf6 Rxf6 21.Rc1 Rcf8 22.Nf4 
Rxf4 23.gxf4 Bf5 24.Nf3 Bg4 25.Qd3 Nc6 26.Rce1 Rxf4 27.Rxe6 Bxe6 28.Rxe6 
Nf8 29.Re2 Qd8 30.Bc1 Rg4 31.Kf1 Bxh4 32.Qf5 Re4 33.Rxe4 dxe4 34.Nxh4 Qxh4
35.Qd5+ Kh8 36.Qf7 Qd8 37.d5 Ne5 38.Qf5 Ned7 39.Bb2 Nf6 40.Bxe4 Nxe4 41.
Qxe4 Kg8 42.Qe5 Qd7 43.a4 Ng6 44.Qd4 Qf7 45.d6 Nf8 46.b4 h5 47.Qe4 Ne6 48.
Qd5 Nf8 49.Qe4 Ne6 50.Qd5 Nd8 51.Qe4 Qe6 52.Qd4 Qd7 53.Kg2 Kf8 54.f3 Ne6 
55.Qe5 Qf7 56.Kg3 Ke8 57.b5 Kd7 58.Qd5 Qf4+ 59.Kh3 Qxd6 60.Qxb7+ Ke8 61.
Qa8+ Kf7 62.Qb7+ Ke8 1/2-1/2

[Event "26th EUR-ch"]
[Site "Katowice POL"]
[Date "2026.04.16"]
[Round "9.6"]
[White "Malek, Jan"]
[Black "Muradli, Mahammad"]
[Result "0-1"]
[WhiteElo "2533"]
[BlackElo "2605"]
[EventDate "2026.04.07"]
[PlyCount "68"]

1.c4 e6 2.Nc3 d5 3.d4 Nf6 4.cxd5 exd5 5.Bg5 Bb4 6.e3 h6 7.Bh4 g5 8.Bg3 h5 
9.Be5 Nc6 10.Bb5 Bd7 11.Bxc6 Bxc6 12.h4 Rg8 13.Bxf6 Qxf6 14.hxg5 Rxg5 15.
g3 O-O-O 16.Nh3 Rf5 17.Nf4 Rh8 18.Qb3 Bd6 19.O-O-O Bxf4 20.exf4 h4 21.Ne2 
Rfh5 22.g4 R5h7 23.Qf3 h3 24.Rh2 Rh4 25.Rg1 Bb5 26.Nc3 Bd7 27.Ne2 Re8 28.
f5 Re4 29.Rg3 Qg5+ 30.Kd1 Bb5 31.Nc3 Rxd4+ 32.Kc2 Qd2+ 33.Kb3 Bc4+ 34.Ka3 
Rh6 0-1

[Event "26th EUR-ch"]
[Site "Katowice POL"]
[Date "2026.04.16"]
[Round "9.7"]
[White "Finek, Vaclav"]
[Black "Deac, Bogdan-Daniel"]
[Result "1/2-1/2"]
[WhiteElo "2571"]
[BlackElo "2655"]
[EventDate "2026.04.07"]
[PlyCount "119"]

1.d4 Nf6 2.c4 e6 3.Nf3 d5 4.g3 Bb4+ 5.Bd2 a5 6.Bg2 O-O 7.Qc2 Be7 8.O-O c6 
9.Rc1 Nbd7 10.a4 h6 11.Be1 b6 12.cxd5 cxd5 13.Nc3 Ba6 14.Nb5 Rc8 15.Qd1 
Ne4 16.e3 Rxc1 17.Rxc1 Qb8 18.Bf1 Rc8 19.Rc2 Bb7 20.Qc1 Rxc2 21.Qxc2 Qd8 
22.h4 Nd6 23.Bd3 Nxb5 24.Bxb5 Bd6 25.Bd3 Nb8 26.Bc3 Qc7 27.Be1 Qxc2 28.
Bxc2 Ba6 29.Ne5 f6 30.Nd3 Kf7 31.f4 h5 32.Kf2 Nc6 33.Bc3 g6 34.Ne1 Bb4 35.
Bxb4 Nxb4 36.Bd1 Nd3+ 37.Nxd3 Bxd3 38.Ke1 Kg7 39.Kd2 Be4 40.Be2 Kh6 41.g4 
hxg4 42.Bxg4 Bf5 43.Be2 Kg7 44.Bd1 Kf7 45.Be2 Ke7 46.Bd1 Kd6 47.Be2 Be4 
48.Bd1 Kd7 49.Be2 Ke8 50.Bd1 Kf8 51.Be2 Kg7 52.Bg4 Kh6 53.Be2 Bf5 54.Bf3 
Kh7 55.Be2 Kg7 56.Bf3 Kh6 57.Be2 Be4 58.Bg4 Bf5 59.Be2 Be4 60.Bg4 1/2-1/2

[Event "26th EUR-ch"]
[Site "Katowice POL"]
[Date "2026.04.16"]
[Round "9.8"]
[White "Donchenko, Alexander"]
[Black "Andersen, Mads"]
[Result "1/2-1/2"]
[WhiteElo "2642"]
[BlackElo "2562"]
[EventDate "2026.04.07"]
[PlyCount "51"]

1.c4 e6 2.d4 d5 3.Nc3 Nf6 4.cxd5 exd5 5.Bg5 Be7 6.e3 h6 7.Bh4 c6 8.Bd3 O-O
9.Nge2 Re8 10.O-O Nbd7 11.a4 Nh5 12.Bxe7 Qxe7 13.a5 Ndf6 14.Qd2 g6 15.Rfe1
Ng7 16.a6 b6 17.Ng3 h5 18.e4 dxe4 19.Ngxe4 Be6 20.Qg5 Nxe4 21.Qxe7 Rxe7 
22.Bxe4 Rc8 23.d5 Bxd5 24.Bxd5 Rxe1+ 25.Rxe1 cxd5 26.Nxd5 1/2-1/2

[Event "26th EUR-ch"]
[Site "Katowice POL"]
[Date "2026.04.16"]
[Round "9.9"]
[White "Kantor, Gergely"]
[Black "Martirosian, Haik"]
[Result "0-1"]
[WhiteElo "2544"]
[BlackElo "2633"]
[EventDate "2026.04.07"]
[PlyCount "78"]

1.e4 e5 2.Nf3 Nc6 3.Bc4 Nf6 4.d3 Be7 5.Nc3 d6 6.a3 O-O 7.Be3 a5 8.Qe2 Be6 
9.O-O-O d5 10.exd5 Nxd5 11.Bd2 Nd4 12.Nxd4 Nxc3 13.Bxc3 exd4 14.Bd2 Bd7 
15.Rde1 Bf6 16.Qh5 Bc6 17.h4 Qd7 18.Rh3 Rfe8 19.Rxe8+ Rxe8 20.Rg3 Re5 21.
Bg5 Qe7 22.Kd2 g6 23.Qg4 Bd7 24.Qf3 Bxg5+ 25.hxg5 Kg7 26.Qf6+ Qxf6 27.
gxf6+ Kxf6 28.c3 c5 29.cxd4 cxd4 30.f4 Rh5 31.Ke2 Rh4 32.Rg5 Bf5 33.Kf3 h6
34.Rg3 g5 35.fxg5+ hxg5 36.Kf2 g4 37.Bd5 b6 38.Be4 Be6 39.Kg1 Ke5 0-1

[Event "26th EUR-ch"]
[Site "Katowice POL"]
[Date "2026.04.16"]
[Round "9.10"]
[White "Bjerre, Jonas Buhl"]
[Black "Dudin, Gleb"]
[Result "0-1"]
[WhiteElo "2623"]
[BlackElo "2566"]
[EventDate "2026.04.07"]
[PlyCount "86"]

1.e4 c5 2.Nc3 Nc6 3.Bb5 Nd4 4.a4 e6 5.Nf3 a6 6.Bc4 Nf6 7.d3 d5 8.Ba2 Nc6 
9.O-O Be7 10.Bf4 O-O 11.h3 b6 12.Re1 Nb4 13.Bb1 d4 14.Ne2 Bb7 15.c3 Nc6 
16.cxd4 cxd4 17.Ne5 Nb4 18.a5 b5 19.Qb3 Rc8 20.Bd2 Qd6 21.f4 Rfd8 22.Nf3 
Nc6 23.e5 Qd5 24.Qd1 Ne8 25.Ba2 Qd7 26.f5 Nc7 27.Nf4 Kh8 28.Qb3 b4 29.Qd1 
Rg8 30.Qa4 g5 31.fxg6 fxg6 32.h4 g5 33.hxg5 Bxg5 34.Nxg5 Rxg5 35.Re2 Rcg8 
36.Rc1 Rg4 37.Rf2 Rh4 38.Re1 Qg7 39.Nxe6 Nxe6 40.Bxe6 Nxe5 41.Bxg8 Nf3+ 
42.Rxf3 Bxf3 43.Re2 Rg4 0-1

[Event "26th EUR-ch"]
[Site "Katowice POL"]
[Date "2026.04.16"]
[Round "9.11"]
[White "Seemann, Jakub"]
[Black "Hovhannisian, Robert"]
[Result "1/2-1/2"]
[WhiteElo "2545"]
[BlackElo "2621"]
[EventDate "2026.04.07"]
[PlyCount "181"]

1.d4 d5 2.c4 e6 3.Nf3 Nf6 4.g3 dxc4 5.Bg2 Bb4+ 6.Nbd2 b5 7.a4 c6 8.O-O a5 
9.Qc2 Bb7 10.Ne5 Qxd4 11.Ndf3 Qb6 12.Ng5 Nbd7 13.Nexf7 O-O 14.Be3 Bc5 15.
Bxc5 Nxc5 16.Nd6 Rad8 17.Nxb7 Qxb7 18.axb5 Qxb5 19.Rac1 Rd4 20.Nf3 Re4 21.
Ne1 Re5 22.Nf3 Re4 23.Rcd1 c3 24.Qxc3 Rc4 25.Qe5 Qb8 26.Rc1 Rxc1 27.Rxc1 
Nfd7 28.Qc3 Qb6 29.Qc2 h6 30.Bh3 Rf6 31.Rd1 Nf8 32.Rc1 Nfd7 33.Rd1 Nf8 34.
Kg2 Na6 35.Rd2 Nb4 36.Qc4 Nd5 37.e4 Nc7 38.Rc2 Nb5 39.Qc5 Qxc5 40.Rxc5 a4 
41.Rc4 Rf7 42.Ne5 Rb7 43.Rxc6 Kh7 44.Bg4 g5 45.Bxe6 Nd4 46.Bf5+ Nxf5 47.
exf5 Nd7 48.Nc4 Kg7 49.Nd6 Rb6 50.Rxb6 Nxb6 51.Kf3 Kf6 52.Ke4 Ke7 53.Ke5 
Nd7+ 54.Kd5 Nf6+ 55.Kc6 Ng4 56.Ne4 Nxh2 57.Kb5 Nf3 58.Kxa4 h5 59.b4 h4 60.
g4 Ne5 61.f3 Nxf3 62.Nf2 Kd6 63.b5 Ne5 64.Ka5 Nd7 65.Nh3 Nf6 66.Nf2 Nd7 
67.Ka6 Ke5 68.Nh3 Ke4 69.Kb7 Kf3 70.Kc7 Nf6 71.b6 Nd5+ 72.Kc6 Nxb6 73.Kxb6
Kxg4 74.f6 Kxh3 75.f7 g4 76.f8=Q g3 77.Qf3 Kh2 78.Qf4 h3 79.Kc5 Kh1 80.
Qc1+ Kh2 81.Qf4 Kh1 82.Qf5 Kh2 83.Qe5 Kh1 84.Qf5 Kh2 85.Qe5 Kh1 86.Qe6 Kh2
87.Qd6 Kh1 88.Qd3 Kh2 89.Qd6 Kh1 90.Qxg3 h2 91.Qf2 1/2-1/2

[Event "26th EUR-ch"]
[Site "Katowice POL"]
[Date "2026.04.16"]
[Round "9.12"]
[White "Korobov, Anton"]
[Black "Subelj, Jan"]
[Result "1/2-1/2"]
[WhiteElo "2610"]
[BlackElo "2543"]
[EventDate "2026.04.07"]
[PlyCount "97"]

1.e4 e5 2.Nf3 Nc6 3.Bb5 a6 4.Ba4 Nf6 5.O-O Bc5 6.c3 b5 7.Bc2 d6 8.a4 Bb7 
9.d4 Bb6 10.d5 Ne7 11.c4 bxc4 12.Na3 c6 13.dxc6 Nxc6 14.Nxc4 Bc5 15.Be3 
O-O 16.Bxc5 dxc5 17.Nfxe5 Nxe5 18.Nxe5 Qc7 19.Nc4 Nxe4 20.Qf3 Nf6 21.Qg3 
Qxg3 22.hxg3 Rab8 23.Bd3 Rfd8 24.Rfd1 Kf8 25.f3 Rd4 26.Bf1 Rxd1 27.Rxd1 
Bc6 28.b3 Bd5 29.Na5 Rb6 30.g4 h6 31.Rc1 Nd7 32.Kf2 Ke7 33.Rc3 Be6 34.Be2 
Kd6 35.Ke3 Kc7 36.f4 Bd5 37.Bf3 Re6+ 38.Kf2 Bxf3 39.Kxf3 Re1 40.Re3 Rxe3+ 
41.Kxe3 Nf6 42.g5 hxg5 43.fxg5 Nh7 44.Kf4 Kd6 45.Nc4+ Kd5 46.Nb6+ Kc6 47.
Nc4 Kd5 48.Nb6+ Kc6 49.Ke4 1/2-1/2

[Event "26th EUR-ch"]
[Site "Katowice POL"]
[Date "2026.04.16"]
[Round "9.14"]
[White "Ivanchuk, Vasyl"]
[Black "Kosakowski, Jakub"]
[Result "1-0"]
[WhiteElo "2621"]
[BlackElo "2533"]
[EventDate "2026.04.07"]
[PlyCount "53"]

1.Nf3 Nf6 2.c4 e6 3.g3 d5 4.Bg2 Be7 5.d4 O-O 6.Qc2 a5 7.O-O a4 8.a3 Nc6 9.
cxd5 exd5 10.Nc3 Bd7 11.Bg5 Be8 12.Rad1 h6 13.Bxf6 Bxf6 14.e4 dxe4 15.Nxe4
Be7 16.Rfe1 Na5 17.Nc5 Bxc5 18.dxc5 Qf6 19.Ne5 Nb3 20.Bd5 Ra6 21.h4 h5 22.
Rd3 Ra5 23.Rc3 Kh8 24.Rf3 Nd4 25.Rxf6 Nxc2 26.Ng6+ Kg8 27.Rf5 1-0